Normal view
MARC view
Entry Personal Name
001 - CONTROL NUMBER
- control field: 55817
003 - CONTROL NUMBER IDENTIFIER
- control field: dpl
005 - DATE AND TIME OF LATEST TRANSACTION
- control field: 20230901163136.0
008 - FIXED-LENGTH DATA ELEMENTS
- fixed length control field: 230901|| aca||aabn | a|a d
040 ## - CATALOGING SOURCE
- Original cataloging agency: dpl
- Transcribing agency: dpl
100 ## - HEADING--PERSONAL NAME
- Personal name: प्रेमचन्द
670 ## - SOURCE DATA FOUND
- Source citation: Work cat.: (dpl)194570: प्रेमचन्द, कायाकल्प /, 2022
